| 000 | 00422nam a2200157Ia 4500 | ||
|---|---|---|---|
| 999 |
_c18165 _d18165 |
||
| 082 | _a320.954 POL- | ||
| 245 | 0 | _aPolitical reforms: asserting civic sovereignty | |
| 260 |
_aDelhi _bKonark Publishers _c2001 |
||
| 300 | _a362p. | ||
| 650 | _aSovereignty | ||
| 650 | _aConstitutional Law - India | ||
| 650 | _aPolitical science - India | ||
| 700 | _aKashyap, Subhash C. | ||
| 700 | _aPanandiker, V.A. Pai | ||
| 942 | _cBK | ||